[Event "4NCL Online Division 3"]
[Site "online"]
[Date "2021.03.09"]
[EventDate "2021.03.09"]
[Round "4.31"]
[White "Moore, Eoin"]
[WhiteElo "1749"]
[WhiteTeam "Kent KJCA Kestrels D"]
[Black "George, Ian M"]
[BlackElo "1904"]
[BlackTeam "Camborne Trevithick"]
[Result "1-0"]
[PlyCount "109"]

1. d4 Nf6 2. c4 e5 3. dxe5 Ne4 4. a3 d6 5. Nf3 Nc6 6. Qc2 Bf5 7. Nc3 Nxf2 8. Qxf5 Nxh1 9. g3 Nxe5 10. Nxe5 dxe5 11. Qxe5+ Be7 12. Qd5 Nxg3 13. hxg3 O-O 14. Bd2 c6 15. Qxd8 Raxd8 16. O-O-O Bd6 17. Bf4 Bxf4+ 18. gxf4 Rxd1+ 19. Kxd1 f6 20. f5 g5 21. fxg6 hxg6 22. e4 Re8 23. Bh3 Re5 24. Bc8 b6 25. Bd7 c5 26. Ke2 Kf7 27. Kf3 f5 28. exf5 gxf5 29. Kf4 Re1 30. Bxf5 Rf1+ 31. Ke5 Rf2 32. Na4 Ke7 33. Be4 Kd7 34. b4 Ra2 35. bxc5 Rxa3 36. Bf5+ Kc6 37. Be4+ Kd7 38. Nxb6+ axb6 39. cxb6 Ra5+ 40. Bd5 Ra1 41. Kd4 Rd1+ 42. Kc5 Rb1 43. Bc6+ Kc8 44. Bb5 Kb7 45. Bc6+ Kc8 46. Be4 Re1 47. Bd5 Rg1 48. Kc6 Rb1 49. c5 Rb2 50. Kd6 Kb8 51. Kd7 Rd2 52. Kc6 Rb2 53. Kd6 Rh2 54. c6 Rd2 55. c7+ 1-0

[Event "4NCL Online Division 3"]
[Site "online"]
[Date "2021.03.09"]
[EventDate "2021.03.09"]
[Round "4.32"]
[White "Williams, Philip J"]
[WhiteElo "1844"]
[WhiteTeam "Camborne Trevithick"]
[Black "Chaban, Roxolana"]
[BlackElo "1686"]
[BlackTeam "Kent KJCA Kestrels D"]
[Result "0-1"]
[PlyCount "82"]

1. c4 c5 2. Nc3 g6 3. g3 Bg7 4. Bg2 Nc6 5. e3 e6 6. Nge2 Nge7 7. O-O O-O 8. d4 cxd4 9. Nxd4 Nxd4 10. exd4 d5 11. cxd5 exd5 12. Bg5 Be6 13. Qd2 Qd7 14. Bh6 Bh3 15. Bxg7 Kxg7 16. Rfe1 Bxg2 17. Kxg2 Nf5 18. Qf4 Rad8 19. Re2 Qd6 20. Qxd6 Rxd6 21. Rd1 Re6 22. Re5 Nxd4 23. Rxd5 Nc2 24. Kf1 Rf6 25. Kg2 Re6 26. Kf1 Rfe8 27. R5d2 Nb4 28. a3 Nc6 29. Rd7 R6e7 30. Rxe7 Rxe7 31. Rd2 Na5 32. Ne2 f5 33. Rc2 Nc6 34. f3 Ne5 35. Rc3 Rd7 36. Rb3 b6 37. Ke1 Rd3 38. Rxd3 Nxd3+ 39. Kd2 Nxb2 40. Kc2 Nc4 41. Kb3 Nd2+ 0-1

[Event "4NCL Online Division 3"]
[Site "online"]
[Date "2021.03.09"]
[EventDate "2021.03.09"]
[Round "4.33"]
[White "Lettington, David"]
[WhiteElo "1645"]
[WhiteTeam "Kent KJCA Kestrels D"]
[Black "Morgan, Jamie"]
[BlackElo "1864"]
[BlackTeam "Camborne Trevithick"]
[Result "1-0"]
[PlyCount "87"]

1. Nf3 c5 2. g3 g6 3. Bg2 Bg7 4. O-O Nc6 5. d3 d5 6. c3 Nf6 7. Nbd2 O-O 8. e4 e5 9. Qe1 Re8 10. a3 b6 11. Nh4 Ba6 12. exd5 Nxd5 13. Qe4 Nde7 14. Qa4 Bb7 15. Ne4 Na5 16. Rd1 Qc7 17. b4 Bc6 18. Qc2 Nb7 19. Bg5 h6 20. Bxe7 Qxe7 21. Re1 Rad8 22. Rab1 Kh7 23. b5 Bd5 24. c4 Be6 25. Nc3 Nd6 26. f4 e4 27. Nxe4 Nf5 28. Nxf5 gxf5 29. Nf2 Rd6 30. Kf1 Qf6 31. Re2 Red8 32. Rbe1 Qc3 33. Qa4 Bd4 34. Qxa7 Bxf2 35. Kxf2 Rxd3 36. Rxe6 R8d7 37. Qxb6 fxe6 38. Qxe6 Qd4+ 39. Kf1 Qd6 40. Qxf5+ Qg6 41. Be4 Qxf5 42. Bxf5+ Kg7 43. Bxd7 Rxd7 44. Rb1 1-0

[Event "4NCL Online Division 3"]
[Site "online"]
[Date "2021.03.09"]
[EventDate "2021.03.09"]
[Round "4.34"]
[White "Healey, Grant"]
[WhiteElo "1872"]
[WhiteTeam "Camborne Trevithick"]
[Black "Brightley-Davies, Ciaran"]
[BlackElo "1625"]
[BlackTeam "Kent KJCA Kestrels D"]
[Result "1-0"]
[PlyCount "81"]

1. d4 e6 2. Nf3 Nf6 3. Bg5 h6 4. Bh4 d5 5. e3 c5 6. Bb5+ Bd7 7. Bxd7+ Nbxd7 8. c3 Qb6 9. b3 Rc8 10. Nbd2 cxd4 11. cxd4 Bd6 12. O-O O-O 13. Rc1 Qa5 14. Rxc8 Rxc8 15. a4 b5 16. Bg3 Bxg3 17. hxg3 bxa4 18. bxa4 Qxa4 19. Qxa4 Ra8 20. Rc1 Nb6 21. Qc6 Nfd7 22. Ne5 Nxe5 23. dxe5 Kh7 24. Qc2+ g6 25. Nf3 Kg7 26. e4 a5 27. exd5 Nxd5 28. Nd4 a4 29. Qc6 Ra7 30. Nb5 Ra5 31. Nd6 a3 32. Ra1 Ra7 33. Qc5 Rc7 34. Qxa3 Nc3 35. Qa6 Nd5 36. Ne8+ Kf8 37. Nxc7 Nxc7 38. Qc8+ Ne8 39. Ra8 Kg7 40. Qxe8 h5 41. Qh8# 1-0

[Event "4NCL Online Division 3"]
[Site "online"]
[Date "2021.03.09"]
[EventDate "2021.03.09"]
[Round "4.41"]
[White "Fisher, Neal"]
[WhiteElo "1902"]
[WhiteTeam "Chessmates"]
[Black "Singh, Amrik J"]
[BlackElo "1936"]
[BlackTeam "Warley Mighty Quins"]
[Result "0-1"]
[PlyCount "66"]

1. d4 g6 2. Bf4 Bg7 3. e3 d6 4. c3 Nd7 5. Nf3 b6 6. Nbd2 Bb7 7. Bd3 e5 8. dxe5 dxe5 9. Bg5 f6 10. Bh4 Qe7 11. Be4 c6 12. Nc4 Bf8 13. O-O Qe6 14. Ncd2 g5 15. Bg3 h5 16. h4 g4 17. Nh2 f5 18. Bc2 O-O-O 19. Bb3 Qf6 20. f4 Bc5 21. Re1 Ne7 22. Qc2 Ng6 23. fxe5 Ndxe5 24. Bxe5 Nxe5 25. g3 Ba6 26. c4 Rd3 27. Nhf1 Rhd8 28. Rad1 Bb4 29. a3 Bxd2 30. Nxd2 Rxd2 31. Rxd2 Nf3+ 32. Kf2 Rxd2+ 33. Qxd2 Nxd2 0-1

[Event "4NCL Online Division 3"]
[Site "online"]
[Date "2021.03.09"]
[EventDate "2021.03.09"]
[Round "4.42"]
[White "Turner, Jon"]
[WhiteElo "1838"]
[WhiteTeam "Warley Mighty Quins"]
[Black "Tomlinson, Zak"]
[BlackElo "1803"]
[BlackTeam "Chessmates"]
[Result "1-0"]
[PlyCount "61"]

1. e4 e5 2. Nf3 Nc6 3. Bb5 a6 4. Ba4 Nf6 5. d3 b5 6. Bb3 Be7 7. c3 d6 8. O-O O-O 9. Re1 Na5 10. Bc2 c5 11. Nbd2 h6 12. Nf1 Be6 13. Ng3 Nc6 14. Be3 Qd7 15. d4 cxd4 16. cxd4 exd4 17. Nxd4 Nxd4 18. Bxd4 Rac8 19. b3 Rc6 20. Rc1 Rfc8 21. Qd3 g6 22. Qd2 Kh7 23. h4 Ng4 24. h5 Bg5 25. hxg6+ fxg6 26. f4 Bh4 27. f5 Bf7 28. Qf4 Bg5 29. Qxg4 Bxc1 30. fxg6+ Bxg6 31. Qxd7+ 1-0

[Event "4NCL Online Division 3"]
[Site "online"]
[Date "2021.03.09"]
[EventDate "2021.03.09"]
[Round "4.43"]
[White "Webster, Vivien"]
[WhiteElo "1675"]
[WhiteTeam "Chessmates"]
[Black "Emery, Ian"]
[BlackElo "1825"]
[BlackTeam "Warley Mighty Quins"]
[Result "0-1"]
[PlyCount "104"]

1. e4 Nf6 2. Nc3 d5 3. exd5 Nxd5 4. Nxd5 Qxd5 5. Nf3 Nc6 6. Be2 Bf5 7. O-O e5 8. c4 Qd8 9. a3 a5 10. h3 Be7 11. Qb3 Rb8 12. Qb5 Bf6 13. d4 Bd7 14. d5 Nd4 15. Qxa5 Nxe2+ 16. Kh1 O-O 17. Qd2 Nxc1 18. Raxc1 e4 19. Nd4 Bg5 20. Qe2 Bxc1 21. Rxc1 Qf6 22. Nb3 Bf5 23. Nc5 c6 24. b4 Rfd8 25. g4 Bg6 26. Qe3 Qf3+ 27. Qxf3 exf3 28. dxc6 bxc6 29. Kh2 Rd2 30. Kg3 Ra2 31. Rc3 f5 32. Rxf3 fxg4 33. hxg4 Rf8 34. a4 Rxf3+ 35. Kxf3 Bf7 36. b5 Bxc4 37. b6 Rb2 38. b7 Kf7 39. a5 Ke7 40. a6 Bxa6 41. Nxa6 Rxb7 42. Nc5 Rb5 43. Ne4 Ke6 44. Kf4 Rb4 45. f3 Rxe4+ 46. Kxe4 c5 47. f4 g6 48. f5+ gxf5+ 49. gxf5+ Kf6 50. Kd5 Kxf5 51. Kxc5 Ke4 52. Kc4 h5 0-1

[Event "4NCL Online Division 3"]
[Site "online"]
[Date "2021.03.09"]
[EventDate "2021.03.09"]
[Round "4.44"]
[White "Moxley, Stephen"]
[WhiteElo "1719"]
[WhiteTeam "Warley Mighty Quins"]
[Black "Duffell, Andrew"]
[BlackElo "1613"]
[BlackTeam "Chessmates"]
[Result "1/2-1/2"]
[PlyCount "83"]

1. e4 c5 2. c3 e6 3. d4 d5 4. e5 Bd7 5. Nf3 a6 6. a3 Bb5 7. Bxb5+ axb5 8. Be3 Qb6 9. O-O Nc6 10. Nbd2 c4 11. b4 Nge7 12. Nh4 Ng6 13. Qg4 Nxh4 14. Qxh4 Ne7 15. g4 Ng6 16. Qg3 Be7 17. f4 Qd8 18. f5 Nh4 19. fxe6 fxe6 20. Nf3 Kd7 21. Qe1 h5 22. Nxh4 Bxh4 23. Qe2 hxg4 24. Qxg4 Qe7 25. Rf3 Raf8 26. Rxf8 Qxf8 27. a4 g5 28. axb5 Qf5 29. Qe2 Rf8 30. Rf1 Qxf1+ 31. Qxf1 Rxf1+ 32. Kxf1 Ke7 33. Bf2 Kf7 34. Bxh4 gxh4 35. Kg2 Kg6 36. Kf3 Kf5 37. b6 Kg5 38. h3 Kf5 39. Ke3 Kg5 40. Kf3 Kf5 41. Ke3 Kg5 42. Kf3 1/2-1/2

[Event "4NCL Online Division 3"]
[Site "online"]
[Date "2021.03.09"]
[EventDate "2021.03.09"]
[Round "4.51"]
[White "Conterno, Dominique"]
[WhiteElo "2007"]
[WhiteTeam "Downend 2"]
[Black "Jamieson, Ian"]
[BlackElo "1885"]
[BlackTeam "Shropshire 3"]
[Result "1-0"]
[PlyCount "79"]

1. Nf3 d5 2. b3 c5 3. Bb2 Nc6 4. e3 Nf6 5. Bb5 Bd7 6. O-O e6 7. d4 Rc8 8. Nbd2 Qa5 9. Bxc6 Bxc6 10. Ne5 cxd4 11. exd4 Ba3 12. Bxa3 Qxa3 13. Re1 Qb2 14. Ndf3 Bb5 15. c4 Bc6 16. Re2 Qa3 17. Nxc6 Rxc6 18. Ne5 Rc7 19. c5 O-O 20. Qc1 Qxc1+ 21. Rxc1 Nd7 22. Nxd7 Rxd7 23. b4 Rc8 24. b5 Rdc7 25. a4 Kf8 26. f4 g6 27. a5 h5 28. Ra2 Ke7 29. Kf2 Kf6 30. Ke3 Re7 31. a6 bxa6 32. Rxa6 Kf5 33. Rca1 Rcc7 34. c6 f6 35. Rxa7 Rxa7 36. Rxa7 Rxa7 37. b6 Ra3+ 38. Kd2 Ke4 39. c7 Kxd4 40. c8=Q 1-0

[Event "4NCL Online Division 3"]
[Site "online"]
[Date "2021.03.09"]
[EventDate "2021.03.09"]
[Round "4.52"]
[White "Rooney, Steve"]
[WhiteElo "1864"]
[WhiteTeam "Shropshire 3"]
[Black "Williams, Stephen M"]
[BlackElo "1843"]
[BlackTeam "Downend 2"]
[Result "1-0"]
[PlyCount "55"]

1. d4 d5 2. Nf3 Nf6 3. c4 c6 4. Qb3 dxc4 5. Qxc4 Be6 6. Qc2 g6 7. Nc3 Bg7 8. e4 O-O 9. h3 Nbd7 10. Bd3 Nb6 11. O-O Qd7 12. Qe2 h6 13. Be3 Rad8 14. a4 Nh7 15. Rfd1 f5 16. Ne5 Bxe5 17. dxe5 fxe4 18. Bxe4 Nd5 19. Bxh6 Nxc3 20. bxc3 Qc7 21. Bxg6 Rxd1+ 22. Rxd1 Rd8 23. Rxd8+ Qxd8 24. Qh5 Qd5 25. Bg7 Kxg7 26. Qxh7+ Kf8 27. Qh8+ Bg8 28. Qh6# 1-0

[Event "4NCL Online Division 3"]
[Site "online"]
[Date "2021.03.09"]
[EventDate "2021.03.09"]
[Round "4.53"]
[White "Benkhoucha, Samy"]
[WhiteElo "1574"]
[WhiteTeam "Downend 2"]
[Black "Kolbusz, George"]
[BlackElo "1859"]
[BlackTeam "Shropshire 3"]
[Result "1-0"]
[PlyCount "35"]

1. e4 d5 2. exd5 Qxd5 3. Nc3 Qd6 4. Nf3 Nf6 5. d4 g6 6. Bc4 Bg7 7. Ne5 O-O 8. Bf4 Nh5 9. Nb5 Qb6 10. Be3 c6 11. Nc3 Qc7 12. Qf3 Bxe5 13. dxe5 Qxe5 14. O-O-O Qf6 15. Qe2 e6 16. Ne4 Qe7 17. Bc5 Qe8 18. g4 1-0

[Event "4NCL Online Division 3"]
[Site "online"]
[Date "2021.03.09"]
[EventDate "2021.03.09"]
[Round "4.54"]
[White "Clark, Matthew D H"]
[WhiteElo "1833"]
[WhiteTeam "Shropshire 3"]
[Black "Bleeg, Elliott"]
[BlackElo "1309"]
[BlackTeam "Downend 2"]
[Result "1-0"]
[PlyCount "83"]

1. e4 e5 2. Bc4 Nf6 3. d3 Nc6 4. Nc3 Bc5 5. f4 d6 6. Nf3 Qe7 7. Na4 Bd4 8. c3 Bb6 9. Nxb6 axb6 10. O-O Be6 11. Bb5 Bd7 12. Ba4 O-O 13. Bb3 Be6 14. Bxe6 Qxe6 15. f5 Qe7 16. Bg5 d5 17. exd5 Qc5+ 18. d4 exd4 19. cxd4 Qxd5 20. Bxf6 gxf6 21. Qd2 Qxf5 22. Ne5 Qe4 23. Nd7 Qxd4+ 24. Qxd4 Nxd4 25. Nxf8 Kxf8 26. Rxf6 Re8 27. Raf1 Re7 28. g4 Kg7 29. Kg2 Re2+ 30. R6f2 Re7 31. b4 Nc6 32. b5 Nd4 33. a4 c6 34. bxc6 bxc6 35. Rb1 b5 36. axb5 cxb5 37. Rb4 Nc6 38. Rxb5 Re4 39. Rg5+ Kh6 40. h4 Re6 41. Rxf7 Rg6 42. Rh5# 1-0

[Event "4NCL Online Division 3"]
[Site "online"]
[Date "2021.03.09"]
[EventDate "2021.03.09"]
[Round "4.61"]
[White "Jenkins, John"]
[WhiteElo "2061"]
[WhiteTeam "Stroud Oldies"]
[Black "Tarling, Ray"]
[BlackElo "1944"]
[BlackTeam "Guildford Gatekeepers"]
[Result "1-0"]
[PlyCount "87"]

1. d4 d6 2. c4 e5 3. e3 Be7 4. Nf3 Nd7 5. Nc3 Ngf6 6. Bd3 O-O 7. Qc2 h6 8. h3 c6 9. Bd2 exd4 10. exd4 d5 11. O-O dxc4 12. Bxc4 Nb6 13. Bb3 Nbd5 14. Rad1 Be6 15. a3 Qc8 16. Ne2 Bf5 17. Qc1 Ne4 18. Bf4 Bd6 19. Bxd6 Nxd6 20. Ng3 Bh7 21. Rfe1 Nf5 22. Ne4 Qd8 23. Nc5 Nd6 24. Ne5 Re8 25. Nxb7 Nxb7 26. Qxc6 Na5 27. Qxd5 Nxb3 28. Qxf7+ Kh8 29. Qxb3 Rxe5 30. dxe5 Qe7 31. e6 Bg8 32. Qe3 Re8 33. Rd7 Qxe6 34. Qxe6 Rxe6 35. Rxe6 Bxe6 36. Rxa7 Kg8 37. h4 g5 38. hxg5 hxg5 39. Kf1 Kf8 40. Ke2 Ke8 41. Ke3 Bd7 42. Ke4 Ke7 43. Rxd7+ Kxd7 44. Kf5 1-0

[Event "4NCL Online Division 3"]
[Site "online"]
[Date "2021.03.09"]
[EventDate "2021.03.09"]
[Round "4.62"]
[White "Merriman, Rob"]
[WhiteElo "1761"]
[WhiteTeam "Guildford Gatekeepers"]
[Black "Brown, Graham K"]
[BlackElo "1723"]
[BlackTeam "Stroud Oldies"]
[Result "1-0"]
[PlyCount "93"]

1. e4 d5 2. exd5 Nf6 3. d4 Nxd5 4. Nf3 Bg4 5. Be2 e6 6. O-O Be7 7. h3 Bh5 8. c4 Nf6 9. Bg5 c6 10. Nc3 O-O 11. Qb3 Qb6 12. Qxb6 axb6 13. g4 Bg6 14. Ne5 Bd6 15. Nxg6 hxg6 16. Bf3 Nbd7 17. b3 Ra5 18. Bd2 Bb4 19. Rfd1 Re8 20. a4 Raa8 21. d5 Ne5 22. Bg2 Rad8 23. Na2 Bxd2 24. Rxd2 exd5 25. Rad1 Rd7 26. f4 Nexg4 27. hxg4 Nxg4 28. Bh3 f5 29. Bxg4 fxg4 30. cxd5 cxd5 31. Nb4 Re3 32. Nxd5 Rg3+ 33. Kf2 Rf3+ 34. Kg2 Kf7 35. Rd3 Rxd3 36. Rxd3 Ke6 37. Nb4 Rf7 38. Kg3 Kf5 39. Rd5+ Ke4 40. Re5+ Kd4 41. Kxg4 Kc3 42. Nd5+ Kxb3 43. Nxb6 Kb4 44. Re6 Rf6 45. Nd5+ Kxa4 46. Nxf6 gxf6 47. Rxf6 1-0

[Event "4NCL Online Division 3"]
[Site "online"]
[Date "2021.03.09"]
[EventDate "2021.03.09"]
[Round "4.63"]
[White "Walker, Adrian"]
[WhiteElo "1741"]
[WhiteTeam "Stroud Oldies"]
[Black "Kammin, Samuel"]
[BlackElo "1742"]
[BlackTeam "Guildford Gatekeepers"]
[Result "0-1"]
[PlyCount "64"]

1. e4 c5 2. d4 cxd4 3. c3 d3 4. Bxd3 Nc6 5. Nf3 e6 6. O-O Bc5 7. c4 Nge7 8. Nc3 a6 9. Qe2 Ng6 10. a3 O-O 11. b4 Nd4 12. Nxd4 Bxd4 13. Bd2 Qf6 14. Rac1 Nf4 15. Bxf4 Qxf4 16. g3 Qf6 17. Qd2 d6 18. Ne2 Ba7 19. Nf4 Bd7 20. Bb1 Rfd8 21. Rcd1 Bc6 22. Qe2 Qe5 23. Rfe1 Rac8 24. Nd3 Qc3 25. Nf4 Qxa3 26. b5 axb5 27. cxb5 Be8 28. e5 dxe5 29. Qxe5 Qf3 30. Nd3 Rxd3 31. Bxd3 Bxf2+ 32. Kf1 Be3# 0-1

[Event "4NCL Online Division 3"]
[Site "online"]
[Date "2021.03.09"]
[EventDate "2021.03.09"]
[Round "4.64"]
[White "Tarling, Adam"]
[WhiteElo "1670"]
[WhiteTeam "Guildford Gatekeepers"]
[Black "Reekie-Black, Matthew"]
[BlackElo "1619"]
[BlackTeam "Stroud Oldies"]
[Result "1-0"]
[PlyCount "39"]

1. e4 e5 2. Nf3 Nc6 3. d4 exd4 4. Nxd4 Bc5 5. Be3 Qf6 6. c3 Nge7 7. Bc4 b6 8. O-O O-O 9. b4 Ne5 10. Bb3 Bxd4 11. Bxd4 Qd6 12. f4 N5c6 13. e5 Qg6 14. f5 Qh6 15. f6 Nxd4 16. fxe7 Re8 17. Bxf7+ Kh8 18. Bxe8 Ne6 19. Rf8+ Nxf8 20. exf8=Q# 1-0

[Event "4NCL Online Division 3"]
[Site "online"]
[Date "2021.03.09"]
[EventDate "2021.03.09"]
[Round "4.72"]
[White "Shrestha, Unnabh"]
[WhiteElo "1454"]
[WhiteTeam "East Kilbride Strollers"]
[Black "Chen, Daniel Xingyu"]
[BlackElo "1763"]
[BlackTeam "Warwickshire Bears A"]
[Result "0-1"]
[PlyCount "116"]

1. d4 Nf6 2. Bf4 c5 3. e3 d5 4. Nf3 Nc6 5. c3 cxd4 6. exd4 g6 7. Bd3 Bg7 8. O-O O-O 9. Qc2 Ng4 10. Re1 Re8 11. h3 e5 12. Nxe5 Ngxe5 13. Bxe5 Nxe5 14. dxe5 Bxe5 15. Nd2 b6 16. Nf3 Bg7 17. Rxe8+ Qxe8 18. Re1 Qd8 19. Bb5 Bd7 20. Qa4 Bxb5 21. Qxb5 d4 22. Rd1 Qc7 23. Nxd4 Rd8 24. Re1 Bxd4 25. Re8+ Kg7 26. Rxd8 Qxd8 27. cxd4 Qxd4 28. Qa6 Qxb2 29. Qxa7 Qa1+ 30. Kh2 Qe5+ 31. Kg1 Qe1+ 32. Kh2 Qxf2 33. Qc7 Qc5 34. Qxc5 bxc5 35. Kg1 Kf6 36. Kf2 Ke5 37. a4 Kd5 38. Ke3 c4 39. Kd2 Kc5 40. Kc3 f5 41. a5 Kb5 42. a6 Kxa6 43. Kxc4 Kb6 44. Kd5 Kc7 45. Ke6 Kd8 46. Kf6 Ke8 47. Kg7 Ke7 48. Kxh7 Kf6 49. Kh6 f4 50. Kh7 Kg5 51. Kg7 Kh5 52. Kf6 g5 53. Kf5 Kh4 54. Kg6 g4 55. Kf5 gxh3 56. gxh3 f3 57. Ke4 f2 58. Ke3 f1=Q 0-1

[Event "4NCL Online Division 3"]
[Site "online"]
[Date "2021.03.09"]
[EventDate "2021.03.09"]
[Round "4.73"]
[White "Dicen, Elis Denele"]
[WhiteElo "1726"]
[WhiteTeam "Warwickshire Bears A"]
[Black "Peakman, Jonlee"]
[BlackElo "1261"]
[BlackTeam "East Kilbride Strollers"]
[Result "0-1"]
[PlyCount "134"]

1. d4 Nf6 2. Nf3 g6 3. Bf4 Bg7 4. e3 O-O 5. Be2 d6 6. h3 Nfd7 7. c4 e5 8. Bh2 Nc6 9. Nc3 f5 10. O-O e4 11. Nd2 Nf6 12. Rb1 Bd7 13. b4 a6 14. Qb3 Kh8 15. c5 d5 16. a4 Ne7 17. Be5 Be6 18. b5 axb5 19. axb5 g5 20. Ra1 Rxa1 21. Rxa1 Ng6 22. Bxf6 Bxf6 23. b6 c6 24. Ra7 Qc8 25. Kh2 f4 26. Qd1 f3 27. Bf1 fxg2 28. Bxg2 Nh4 29. Qg1 Nxg2 30. Qxg2 h5 31. f3 exf3 32. Nxf3 g4 33. Ng1 Bg5 34. Qe2 Qb8+ 35. Kh1 Qg3 36. Ra2 Bxe3 37. Qg2 Qxg2+ 38. Kxg2 gxh3+ 39. Nxh3 Bxd4 40. Na4 Rg8+ 41. Kh2 Be5+ 42. Kh1 Bxh3 43. Re2 Bd4 44. Re1 Bg2+ 45. Kh2 Be4 46. Kh3 Bf5+ 47. Kh2 Be4 48. Kh3 Bf2 49. Re2 Bf5+ 50. Kh2 Bg3+ 51. Kg2 h4 52. Kg1 Be4 53. Nc3 Be1+ 54. Kh2 Bxc3 55. Kh3 Be5 56. Kxh4 Bg3+ 57. Kh3 Bf5+ 58. Kg2 Be4+ 59. Kh3 Bf4 60. Kh4 Bf3 61. Re6 Rg7 62. Re8+ Rg8 63. Re6 Rg1 64. Re8+ Kg7 65. Re7+ Kf8 66. Rf7+ Kxf7 67. Kh3 Rh1# 0-1

[Event "4NCL Online Division 3"]
[Site "online"]
[Date "2021.03.09"]
[EventDate "2021.03.09"]
[Round "4.74"]
[White "Shrestha, Deepesh"]
[WhiteElo "1242"]
[WhiteTeam "East Kilbride Strollers"]
[Black "Monga, Kanav"]
[BlackElo "1655"]
[BlackTeam "Warwickshire Bears A"]
[Result "0-1"]
[PlyCount "68"]

1. d4 d5 2. Bf4 e6 3. Nf3 c5 4. c3 Nf6 5. Bxb8 Rxb8 6. Qa4+ Bd7 7. Qxa7 Bc6 8. dxc5 Nd7 9. Qa3 Nxc5 10. b4 Ra8 11. Qb2 Na4 12. Qc2 Be7 13. e3 Rc8 14. Ne5 Bd7 15. b5 Nxc3 16. Nxc3 Bb4 17. Rc1 Bxc3+ 18. Qxc3 Rxc3 19. Rxc3 Qa5 20. Nxd7 Kxd7 21. a3 Qxc3+ 22. Kd1 Rc8 23. Ke2 Qb2+ 24. Kf3 Qf6+ 25. Kg3 h5 26. f4 Qg6+ 27. Kf3 Qg4+ 28. Kf2 Rc2+ 29. Kg1 h4 30. h3 Qg3 31. a4 Qxe3+ 32. Kh2 Qxf4+ 33. Kg1 Rc1 34. g3 Qxg3# 0-1

[Event "4NCL Online Division 3"]
[Site "online"]
[Date "2021.03.09"]
[EventDate "2021.03.09"]
[Round "4.81"]
[White "Williams, David"]
[WhiteElo "1896"]
[WhiteTeam "Ashfield Anonymous B"]
[Black "Zakarian, Dimitrios Levon"]
[BlackElo "1882"]
[BlackTeam "Oxford 3"]
[Result "0-1"]
[PlyCount "114"]

1. d4 Nf6 2. Bf4 e6 3. e3 d5 4. Nf3 c5 5. c3 Nc6 6. Nbd2 Bd6 7. Bg3 O-O 8. Bd3 b6 9. Ne5 Bb7 10. f4 Ne7 11. Bh4 Ne4 12. O-O f5 13. Qe2 Qc7 14. Ndf3 c4 15. Bc2 b5 16. a3 a5 17. Ng5 Nxg5 18. Bxg5 b4 19. g4 bxa3 20. bxa3 fxg4 21. Bxe7 Qxe7 22. Qxg4 Rf6 23. Rf3 Bxe5 24. fxe5 Rxf3 25. Qxf3 Rf8 26. Qh5 g6 27. Qh3 Qg5+ 28. Qg3 Qh5 29. Bd1 Qh6 30. Bg4 Bc8 31. Rb1 Qg7 32. Qh3 Qf7 33. Rf1 Qxf1+ 34. Qxf1 Rxf1+ 35. Kxf1 h5 36. Bf3 Bb7 37. Kg2 Kg7 38. Kg3 Kh6 39. h4 g5 40. hxg5+ Kxg5 41. Bd1 Bc6 42. Bc2 Be8 43. e4 Bc6 44. exd5 Bxd5 45. Bd1 h4+ 46. Kh3 Kf4 47. Kxh4 Ke3 48. Kg5 Kd2 49. Bg4 Kxc3 50. Kf6 Kxd4 51. Bxe6 Bxe6 52. Kxe6 c3 53. Kd6 c2 54. e6 c1=Q 55. e7 Qf4+ 56. Kd7 Qf5+ 57. Kd8 Qd5+ 0-1

[Event "4NCL Online Division 3"]
[Site "online"]
[Date "2021.03.09"]
[EventDate "2021.03.09"]
[Round "4.82"]
[White "Finn, Chris"]
[WhiteElo "1889"]
[WhiteTeam "Oxford 3"]
[Black "Naylor, Michael A"]
[BlackElo "1948"]
[BlackTeam "Ashfield Anonymous B"]
[Result "1-0"]
[PlyCount "93"]

1. d4 d5 2. Nf3 Nf6 3. Bg5 e6 4. e3 Be7 5. Bd3 Nbd7 6. Nbd2 c5 7. c3 b6 8. O-O Bb7 9. Re1 Ne4 10. Bxe7 Qxe7 11. Qc2 Nxd2 12. Qxd2 f5 13. Bb5 O-O 14. Bxd7 Qxd7 15. Ne5 Qe7 16. b4 Ba6 17. a4 Bc4 18. bxc5 bxc5 19. dxc5 Rfc8 20. c6 Qc7 21. f4 Qa5 22. Reb1 Rab8 23. Rxb8 Rxb8 24. Nxc4 dxc4 25. Qd7 Rd8 26. Qxe6+ Kh8 27. Qxc4 Qb6 28. c7 Rc8 29. Rd1 Qxe3+ 30. Kf1 Qe7 31. Qc6 h6 32. Rd7 Qe8 33. Qd6 Kh7 34. Rd8 Qxa4 35. Rxc8 Qa1+ 36. Ke2 Qb2+ 37. Qd2 Qb5+ 38. Kf2 Qb6+ 39. Qd4 Qb2+ 40. Kg3 Qe2 41. Rh8+ Kg6 42. c8=Q Qg4+ 43. Kf2 Kh5 44. Qe8+ Kh4 45. Qdd8+ g5 46. Rxh6+ Qh5 47. Qxg5# 1-0

[Event "4NCL Online Division 3"]
[Site "online"]
[Date "2021.03.09"]
[EventDate "2021.03.09"]
[Round "4.83"]
[White "Combie, Alex B"]
[WhiteElo "1926"]
[WhiteTeam "Ashfield Anonymous B"]
[Black "Arora, Tashika"]
[BlackElo "1885"]
[BlackTeam "Oxford 3"]
[Result "0-1"]
[PlyCount "78"]

1. d4 Nf6 2. c4 g6 3. Nc3 d5 4. cxd5 Nxd5 5. e4 Nxc3 6. bxc3 Bg7 7. Nf3 c5 8. Rb1 Qa5 9. Rb5 Qxc3+ 10. Bd2 Qa3 11. Rxc5 Nc6 12. Qc2 O-O 13. d5 Nd4 14. Nxd4 Bxd4 15. Ra5 Qd6 16. Ra4 Qf6 17. Bh6 Rd8 18. Be3 Bc3+ 19. Bd2 Be5 20. Bd3 Bd7 21. Rb4 Rdc8 22. Qd1 Rab8 23. O-O Bd6 24. Rb1 e6 25. dxe6 Bxe6 26. Be3 Bxa2 27. Ra1 Be6 28. Bxa7 Ra8 29. Be3 Be5 30. Rxa8 Rxa8 31. f4 Bd4 32. Qf3 Ra3 33. e5 Bxe3+ 34. Qxe3 Qd8 35. Rd1 Bf5 36. Qf3 Rxd3 37. Rxd3 Qxd3 38. Qxb7 Qe3+ 39. Kf1 Bd3# 0-1

[Event "4NCL Online Division 3"]
[Site "online"]
[Date "2021.03.09"]
[EventDate "2021.03.09"]
[Round "4.84"]
[White "Staples, Neil"]
[WhiteElo "1831"]
[WhiteTeam "Oxford 3"]
[Black "Flynn, David"]
[BlackElo "1914"]
[BlackTeam "Ashfield Anonymous B"]
[Result "1/2-1/2"]
[PlyCount "82"]

1. c4 c5 2. b3 Nf6 3. Bb2 e6 4. g3 d5 5. cxd5 exd5 6. Bg2 d4 7. Nf3 Nc6 8. O-O Bd6 9. e3 dxe3 10. dxe3 O-O 11. Na3 Bf5 12. Nh4 Bc8 13. Nc4 Be7 14. Qxd8 Rxd8 15. Rad1 Be6 16. Bxc6 bxc6 17. Nf3 Bd5 18. Nfd2 Ne4 19. Nxe4 Bxe4 20. Rxd8+ Rxd8 21. f3 Bd5 22. e4 Bxc4 23. bxc4 Rd2 24. Rf2 Rd1+ 25. Kg2 Kf8 26. Rc2 Bf6 27. Bxf6 gxf6 28. Kf2 Ke7 29. Ke2 Rh1 30. Ke3 Ke6 31. Kf4 Ra1 32. h4 Rb1 33. g4 Rh1 34. h5 h6 35. Ke3 Re1+ 36. Kf4 Ra1 37. Ke3 Re1+ 38. Kf2 Rh1 39. Kg2 Re1 40. Kf2 Rh1 41. Ke3 Re1+ 1/2-1/2

[Event "4NCL Online Division 3"]
[Site "online"]
[Date "2021.03.09"]
[EventDate "2021.03.09"]
[Round "4.91"]
[White "Cox, Toby"]
[WhiteElo "1995"]
[WhiteTeam "MK Phoenix 2"]
[Black "Deary, Daniel"]
[BlackElo "1868"]
[BlackTeam "Alba Bon Accord 2"]
[Result "1-0"]
[PlyCount "57"]

1. e4 e5 2. f4 d5 3. exd5 exf4 4. Nf3 Nf6 5. Bc4 Nxd5 6. O-O Be6 7. Bb3 c5 8. Qe2 Nc6 9. d3 Be7 10. Bxd5 Qxd5 11. Bxf4 Nd4 12. Nxd4 cxd4 13. Nd2 O-O 14. Nb3 Bf6 15. Rae1 Rac8 16. Qf2 Rc6 17. Re4 Rd8 18. Rfe1 Qd7 19. Be5 Bxe5 20. Rxe5 b6 21. R5e4 Rd6 22. Qh4 a5 23. R1e2 a4 24. Nd2 b5 25. Nf3 h6 26. a3 Qa7 27. g4 Qc5 28. Re5 Rd5 29. Qxd8+ 1-0

[Event "4NCL Online Division 3"]
[Site "online"]
[Date "2021.03.09"]
[EventDate "2021.03.09"]
[Round "4.92"]
[White "Gordon, Frederick"]
[WhiteElo "1667"]
[WhiteTeam "Alba Bon Accord 2"]
[Black "Williamson, Kevin J"]
[BlackElo "1973"]
[BlackTeam "MK Phoenix 2"]
[Result "0-1"]
[PlyCount "106"]

1. e4 d5 2. exd5 Qxd5 3. Nc3 Qd8 4. d4 Nf6 5. Nf3 Bg4 6. h3 Bxf3 7. Qxf3 c6 8. Be3 e6 9. Bd3 Nbd7 10. O-O-O Bb4 11. Ne2 Nd5 12. Kb1 Nxe3 13. fxe3 Qe7 14. Rhf1 Rf8 15. h4 O-O-O 16. Bxh7 Qxh4 17. Be4 Kb8 18. Rh1 Qe7 19. Rdf1 Bd6 20. Bd3 Nf6 21. g4 Nd7 22. Rh7 Qg5 23. Rh5 Qe7 24. c3 Rde8 25. Ng3 f5 26. gxf5 g6 27. Rh6 gxf5 28. Rfh1 Nf6 29. e4 fxe4 30. Nxe4 Ng8 31. Qh3 Nxh6 32. Qxh6 Bc7 33. Nc5 e5 34. Qh3 Rg8 35. Rf1 exd4 36. cxd4 Qe3 37. Qh4 Rg1 38. Rxg1 Qxg1+ 39. Kc2 Qe1 40. Qg4 Qf2+ 41. Kb3 Qf7+ 42. Kc2 b6 43. Nb3 a5 44. Nd2 Qxa2 45. Nc4 Qa4+ 46. b3 Qa2+ 47. Nb2 Re1 48. Qg8+ Ka7 49. Qh7 Kb7 50. d5 cxd5 51. Qg7 Qb1+ 52. Kc3 Qc1+ 53. Bc2 d4+ 0-1